Catálogo

Metafísica / (Registro nro. 40514)

Detalles MARC
000 -LEADER
fixed length control field 01992cam a2200397 i 4500
001 - CONTROL NUMBER
control field 40514
003 - CONTROL NUMBER IDENTIFIER
control field Mx-PuUPA
005 - DATE AND TIME OF LATEST TRANSACTION
control field 20211013114143.0
008 - FIXED-LENGTH DATA ELEMENTS--GENERAL INFORMATION
fixed length control field 140415s2014 mx fr 001 0 spa d
020 ## - INTERNATIONAL STANDARD BOOK NUMBER
International Standard Book Number 9786075151373
Qualifying information obra completa
040 ## - CATALOGING SOURCE
Original cataloging agency Mx-PuUPA
Language of cataloging spa
Transcribing agency Mx-PuUPA
Modifying agency Mx-PuUPA
Description conventions rda
041 1# - LANGUAGE CODE
Language code of text/sound track or separate title spa
-- gre
-- lat
-- byn
100 0# - MAIN ENTRY--PERSONAL NAME
Personal name Aristotle,
9 (RLIN) 1836
Relator term autor
245 13 - TITLE STATEMENT
Title Metafísica /
Statement of responsibility, etc. Aristóteles ; traducción de Tomás de Aquino, Jorge Morán ; edición de Oscar Jiménez
246 18 - VARYING FORM OF TITLE
Title proper/short title Metafísica :
Remainder of title Aristóteles
264 #1 - PRODUCTION, PUBLICATION, DISTRIBUTION, MANUFACTURE, AND COPYRIGHT NOTICE
Place of production, publication, distribution, manufacture México :
Name of producer, publisher, distributor, manufacturer Universidad Panamericana,
Date of production, publication, distribution, manufacture, or copyright notice 2014
300 ## - PHYSICAL DESCRIPTION
Extent 6 volúmenes (paginación varía) :
Other physical details ilustraciones ;
Dimensions 18 cm
336 ## - CONTENT TYPE
Fuente rdacontent
Content type term texto
Content type code txt
337 ## - MEDIA TYPE
Source rdamedia
Media type term sin medio
Media type code n
338 ## - CARRIER TYPE
Source rdacarrier
Carrier type term volumen
Carrier type code nc
505 0# - FORMATTED CONTENTS NOTE
Formatted contents note Tomo primero.
Title Libro I: “Historia” de la metafísica: solo hay cuatro causas ; Libro II: La verdad universal. -
505 0# - FORMATTED CONTENTS NOTE
Formatted contents note Tomo segundo.
Title Libro III: Estudio crítico de la verdad ; Libro IV: Demostración de lo que estudia la metafísica. -
505 0# - FORMATTED CONTENTS NOTE
Formatted contents note Tomo tercero.
Title Libro V: El significado de los nombres ; Libro VI: El objeto de la metafísica. -
505 0# - FORMATTED CONTENTS NOTE
Formatted contents note Tomo cuarto.
Title Libro VII: La substancia. -
505 0# - FORMATTED CONTENTS NOTE
Formatted contents note Tomo quinto:
Title Libro VIII: Las substancias sensibles por sus principios propios ; Libro IX: El ente acto potencia ; Libro X: El ente como lo uno. -
505 0# - FORMATTED CONTENTS NOTE
Formatted contents note Tomo sexto.
Title Libro XI: Los nombres que significan los temas de la metafísica ; Libro XII: Modo de estudiar el ente.
546 ## - LANGUAGE NOTE
Language note Textos en griego de Bekker, latino de Moerbeke y bilingüe del comentario de Tomás de Aquino.
650 #4 - SUBJECT ADDED ENTRY--TOPICAL TERM
Topical term or geographic name entry element Metafísica
700 1# - ADDED ENTRY--PERSONAL NAME
Personal name Aquino, Tomás de,
Relator term traductor
700 1# - ADDED ENTRY--PERSONAL NAME
Personal name Morán, Jorge,
Relator term traductor
700 1# - ADDED ENTRY--PERSONAL NAME
Personal name Jiménez, Oscar,
Relator term editor
942 ## - ADDED ENTRY ELEMENTS (KOHA)
Source of classification or shelving scheme Dewey Decimal Classification
Koha item type Libro
Classification part 110
Item part A696
Existencias
Withdrawn status Lost status Source of classification or shelving scheme Damaged status Not for loan Collection code Home library Current library Shelving location Date acquired Source of acquisition Serial Enumeration / chronology Total Checkouts Full call number Barcode Date last seen Price effective from Koha item type
    Dewey Decimal Classification     Referencia Biblioteca Karol Wojtyla Biblioteca Karol Wojtyla Área de silencio 15/06/2021 Donación t.3   110 A696 2014 61027 05/01/2026 03/12/2013 Libro R
    Dewey Decimal Classification     Referencia Biblioteca Karol Wojtyla Biblioteca Karol Wojtyla Área de silencio 15/06/2021 Donación t.5   110 A696 2014 61045 05/01/2026 03/12/2013 Libro R
    Dewey Decimal Classification     Referencia Biblioteca Karol Wojtyla Biblioteca Karol Wojtyla Área de silencio 15/06/2021 Donación t.1   110 A696 2014 60998 05/01/2026 03/12/2013 Libro R
    Dewey Decimal Classification     Referencia Biblioteca Karol Wojtyla Biblioteca Karol Wojtyla Área de silencio 15/06/2021 Donación t.4   110 A696 2014 61028 05/01/2026 03/12/2013 Libro R
    Dewey Decimal Classification     Referencia Biblioteca Karol Wojtyla Biblioteca Karol Wojtyla Área de silencio 15/06/2021 Donación t.2   110 A696 2014 61026 05/01/2026 03/12/2013 Libro R
    Dewey Decimal Classification     Referencia Biblioteca Karol Wojtyla Biblioteca Karol Wojtyla Área de silencio 15/06/2021 Donación t.6   110 A696 2014 61075 05/01/2026 03/12/2013 Libro R